000 01277nam a2200277Ia 4500
008 130821s2002 ck a gr spa
020 _a958 701 226 7
040 _aCo-BoUCM
_bspa
041 0 0 _aspa
100 1 _aSalinas Beristáin, Laura
_9169503
245 1 0 _aDerecho, género e infancia mujeres, niños, niñas y adolescentes en los códigos penales de América Latina y el Caribe Hispano
_cLaura Salinas Beristáin ; con la colaboración de la jurista Karla Gallo Campos y la antropóloga Ana Negrete Salina
260 _aBogotá (Colombia)
_bUniversidad Nacional de Colombia
_c2002
300 _a362 páginas.
_bilustraciones, gráficas
500 _aDonación UCM-C-ARRAYANES
504 _aIncluye referencias bibliográficas e índice.
650 _aDerecho penal
_912805
650 _aDerecho penal
_zAmérica Latina
_983944
650 _aMenores
_xLegislación
_zAmérica Latina
_919297
650 _aMenores
_xLegislación
_zEspaña
_919297
650 _aMujeres
_xLegislación
_zAmérica Latina
_919882
650 _aMujeres
_xLegislación
_zEspaña
_919882
710 2 _aUniversidad Autónoma Metropolitana
_936926
710 2 _aUniversidad Nacional de Colombia
_93820
942 _cLIBRO
_a8
_e1
_mS165d
_2DEWEY
_h345.039
999 _c76515
_d76515